[Event "Bad Woerishofen op"]
[Site "Bad Woerishofen"]
[Date "2001.??.??"]
[Round "9"]
[White "Oud, Niek"]
[Black "Schweitzer, Paul"]
[Result "1/2-1/2"]
[WhiteElo "2170"]
[BlackElo "1571"]
[Annotator "ChessOrg"]
[PlyCount "80"]
[EventDate "1998.03.05"]
[Source "ChessBase"]
[SourceDate "1998.04.29"]

1. d4 {B12: Caro-Kann (Vorstoss-Variante)} 1... c6 2. e4 d6 3. Bc4 {
letzter Buchzug} 3... Nf6 4. Qe2 Nbd7 (4... d5 5. exd5 cxd5 6. Bd3 $11) 5. Bb3
e5 6. Nf3 6... a5 $2 (6... Be7 7. dxe5 Nxe5 8. Nc3 $11) 7. a4 (7. Ng5 d5 8.
dxe5 Nxe4 9. Nxf7 Kxf7 10. Qxe4 10... Qe8 $14) 7... b6 (7... Qe7 8. dxe5 Nxe5
9. Nxe5 dxe5 10. O-O $11) 8. Ng5 (8. Qc4 $5 8... d5 9. Qxc6 $16) 8... d5 $14 9.
dxe5 Ba6 10. Qd1 (10. Qe3 $5 $142 10... Nxe5 11. exd5 Bb4+ 12. Bd2 $16) 10...
Nxe5 $15 11. exd5 cxd5 12. Nc3 Bb4 13. Be3 O-O 14. Qd4 Neg4 15. O-O-O Nxe3 (
15... Bc5 $5 16. Qd2 Nxe3 17. fxe3 Ng4 18. Nxf7 Rxf7 19. Qxd5 Qxd5 20. Bxd5
Bxe3+ 21. Kb1 21... Re8 $15) 16. Qxe3 $11 16... Bc5 (16... Bb7 $5 $11 $142) 17.
Qf3 $16 17... d4 18. Rhe1 (18. Nce4 $5 18... Nxe4 19. Nxf7 $16 (19. Nxe4 $6
19... Rc8 $11) (19. Bxf7+ $2 19... Kh8 20. Nxh7 Rxf7 21. Qxf7 21... Qh4 $19))
18... Ra7 19. h4 Bb7 20. Qe2 Bc8 (20... Bxg2 $143 21. f3 Re7 22. Nce4 (22. Qxg2
Rxe1 23. Rxe1 23... dxc3 $15) 22... Nxe4 23. fxe4 (23. Qxg2 Nxg5 24. hxg5 Rxe1
25. Rxe1 25... d3 $15) (23. Nxe4 $143 23... Bh3 $15) 23... Bxe4 24. Nxe4 $18)
21. Nce4 Bf5 22. Nxf6+ Qxf6 23. g4 d3 24. cxd3 Bg6 25. Qd2 (25. Kb1 $11 $142)
25... Rc7 26. Kb1 h6 (26... Bb4 $5 $142 27. Qe3 Bxe1 28. Rxe1 28... Qd6 $19)
27. Ne4 $11 27... Bxe4 (27... Qxh4 $5 28. Rh1 28... Qe7 $15 (28... Qxg4 29.
Nf6+ gxf6 30. Qxh6 Bh5 31. Rdg1 Be3 32. Rxg4+ Bg5 33. Rxg5+ fxg5 34. Qxg5+ Bg6
35. Qxg6#)) 28. Rxe4 $16 (28. dxe4 $143 28... Bb4 (28... Bxf2 $2 29. Rf1 $18)
29. g5 29... Qc6 $15) 28... Qxf2 29. d4 (29. Qxf2 Bxf2 30. g5 hxg5 31. hxg5 $14
) 29... Qxd2 $14 30. Rxd2 Bb4 31. Rf2 Re7 32. Rxe7 Bxe7 33. h5 Bf6 34. d5 Rd8
35. Rc2 Bd4 36. Rc7 Bc5 37. Rb7 g6 38. hxg6 fxg6 39. Kc2 h5 40. gxh5 gxh5
1/2-1/2

[Event "Bad Woerishofen op"]
[Site "Bad Woerishofen"]
[Date "2001.??.??"]
[Round "2"]
[White "Pelletier, Yannick"]
[Black "van Hoolandt, Patrick"]
[Result "1-0"]
[WhiteElo "2548"]
[BlackElo "2211"]
[Annotator "ChessOrg"]
[PlyCount "67"]
[EventDate "1998.03.05"]
[Source "ChessBase"]
[SourceDate "1998.04.29"]

1. Nf3 {A17: Englische Eroeffnung} 1... Nf6 2. c4 e6 3. Nc3 Bb4 4. Qb3 c5 5. a3
Bxc3 6. Qxc3 O-O 7. b4 b6 8. e3 d6 9. Be2 Bb7 10. Rb1 {letzter Buchzug} 10...
Qc7 11. O-O Nbd7 12. d3 cxb4 13. axb4 (13. Rxb4 $2 13... Nd5 14. Qd2 Nxb4 15.
Qxb4 15... e5 $19) 13... d5 14. Nd2 a5 15. Bb2 Rfc8 16. Rfc1 e5 17. bxa5 Rxa5
18. Qb4 Qd8 19. d4 exd4 20. Bxd4 Ra2 21. Bf3 Rb8 22. Rd1 Qf8 (22... dxc4 23.
Qxc4 Raa8 24. Bxb7 Rxb7 25. Qb5 $14) 23. Qb3 (23. Qxf8+ $5 $142 23... Rxf8 24.
Bxf6 gxf6 25. cxd5 $18) 23... Ra3 $11 24. Qb2 Rba8 (24... dxc4 $5 25. Bxb7 Rxb7
26. Nxc4 26... Ra6 $16) 25. Bxf6 $16 25... gxf6 (25... Nxf6 26. Qxb6 26... R3a7
$18) 26. Bxd5 Bxd5 27. cxd5 Ra2 28. Qb5 Qd6 (28... Qc8 29. Ne4 Qc2 30. Qxd7
Qxe4 31. Qd6 $18 (31. Rxb6 $2 31... Ra1 32. Qd8+ Rxd8 33. Rxa1 33... Rxd5 $19))
29. Nc4 Qc7 30. d6 Qc5 31. Qxd7 Qxc4 32. Qf5 (32. Rxb6 $143 32... Qc2 33. Qg4+
33... Kf8 $18) 32... Qc2 (32... Kg7 33. d7 Rd8 34. Rxb6 $18) 33. Qxf6 Re8 (
33... R2a7 $18) 34. d7 (34. d7 Raa8 35. Rdc1 $18) 1-0

[Event "Bad Woerishofen op"]
[Site "Bad Woerishofen"]
[Date "2001.??.??"]
[Round "4"]
[White "Pelletier, Yannick"]
[Black "Kuprejchik, Viktor"]
[Result "1/2-1/2"]
[WhiteElo "2548"]
[BlackElo "2453"]
[Annotator "ChessOrg"]
[PlyCount "97"]
[EventDate "1998.03.05"]
[Source "ChessBase"]
[SourceDate "1998.04.29"]

1. d4 {D38: Damengambit (Ragosin-Verteidigung)} 1... Nf6 2. c4 e6 3. Nf3 d5 4.
Nc3 Bb4 5. Bg5 h6 6. Bxf6 Qxf6 7. Qb3 c5 8. cxd5 exd5 9. dxc5 {letzter Buchzug}
9... Bxc3+ (9... Nc6 10. a3 Bxc3+ 11. bxc3 $14) 10. bxc3 Be6 (10... Bd7 $5 $16)
11. Nd4 $18 11... Nd7 12. g3 (12. Qxb7 $5 $142 12... O-O 13. c6 $16) 12... O-O
$11 13. Bg2 Nxc5 14. Qb4 Rfc8 15. O-O a5 16. Qa3 Ne4 17. Bxe4 dxe4 18. Rab1 Bh3
19. Rfd1 b6 20. Qc1 Rc5 21. Qe3 Re8 22. Nb5 Rd8 23. Rd4 (23. Qxe4 $2 23... Rxb5
24. Rbc1 24... Rb2 $19) 23... Rxd4 24. Nxd4 Qg5 (24... Bd7 25. Rd1 $11) 25. f4
(25. Qxg5 hxg5 (25... Rxg5 $143 26. Rxb6 Rc5 27. Rc6 $16) 26. Rxb6 26... Rxc3
$15) 25... exf3 $15 26. Qxg5 (26. Qxf3 $143 26... Qd2 27. Qd3 Qxd3 28. exd3
28... Rxc3 $19) 26... hxg5 27. Nxf3 f6 (27... Rxc3 $143 28. Nxg5 (28. Rxb6 $143
28... f6 $15) 28... Bc8 29. Rxb6 $14) 28. Rb3 (28. Rxb6 Rxc3 29. Rb2 29... g4
$15) 28... Be6 29. Rxb6 Bxa2 30. Ra6 Bb3 31. Nd2 a4 32. c4 Bxc4 33. Nxc4 (33.
Rxa4 Bxe2 34. h4 34... Rc2 $17) 33... Rxc4 34. h3 g4 35. hxg4 Rxg4 36. Kf2 Kf7
37. Kf3 f5 38. Ra7+ Kf6 39. Ra6+ Ke5 (39... Kg5 40. Kf2 $19) 40. Ra5+ Ke6 41.
Ra6+ Kd7 42. Ra5 g6 43. Ra6 Kc7 44. e4 44... Kb7 $4 (44... Rxe4 $142 45. Rxg6
45... Kb7 $19) 45. Rxa4 $11 45... Kc6 46. Ra6+ Kd7 47. exf5 gxf5 48. Rf6 Rg5
49. Kf4 1/2-1/2

[Event "Bad Woerishofen op"]
[Site "Bad Woerishofen"]
[Date "2001.??.??"]
[Round "6"]
[White "Pelletier, Yannick"]
[Black "Siebrecht, Sebastian"]
[Result "1-0"]
[WhiteElo "2548"]
[BlackElo "2386"]
[Annotator "ChessOrg"]
[PlyCount "85"]
[EventDate "1998.03.05"]
[Source "ChessBase"]
[SourceDate "1998.04.29"]

1. Nf3 {D11: Damengambit (Slawische Verteidigung)} 1... d5 2. d4 c6 3. c4 dxc4
4. e3 b5 5. a4 e6 6. Nc3 Bb4 7. Bd2 Bxc3 8. Bxc3 Nf6 9. axb5 cxb5 10. b3 O-O
11. bxc4 bxc4 12. Bxc4 12... Bb7 {letzter Buchzug} 13. O-O Nbd7 14. Bd3 Qe7 (
14... Be4 $5 $11) 15. Rb1 $14 15... Rfc8 (15... Bxf3 16. Qxf3 a5 17. Bb5 $14)
16. Rxb7 $16 16... Rxc3 17. Ne5 Qd6 18. Bxh7+ Kxh7 19. Rxd7 $1 19... Nxd7 (
19... Qxd7 20. Nxd7) 20. Qh5+ Kg8 21. Qxf7+ Kh8 22. Qh5+ (22. Nxd7 $5 $142
22... Rc7 23. Qh5+ Kg8 24. Ne5 $16) 22... Kg8 $11 23. Qf7+ Kh8 24. Nxd7 (24.
Qxd7 $6 24... Qxd7 25. Nxd7 25... a5 $11) 24... a5 (24... Rc7 25. Qh5+ Kg8 26.
Ne5 $16) 25. Nc5 Rxc5 (25... Qf8 $5 26. Qh5+ Kg8 27. Nxe6 $18) 26. dxc5 $18
26... Qxc5 27. Qxe6 a4 28. Qe4 Qa5 29. Qh4+ Kg8 30. Qc4+ Kh8 31. Qh4+ $4 (31.
Rc1 31... Qd2 $18) 31... Kg8 32. Qc4+ $4 (32. Qg4 32... a3 $18) 32... Kh8 33.
g3 a3 34. Qh4+ Kg8 35. Qc4+ $4 (35. Qe4 a2 36. Ra1 36... Qa6 $18) 35... Kh8 36.
Qa2 Rb8 37. Rc1 Kh7 (37... Qb4 38. Qd5 $18) 38. Rc4 g6 39. Rf4 Rb7 40. Rf8 Rg7
(40... Qc5 41. Qg8+ Kh6 42. Rf4 Qc1+ 43. Kg2 Qc6+ 44. Kh3 $18) 41. Qc4 Qh5 42.
Qd4 a2 43. Ra8 (43. Ra8 Qh3 44. Rxa2 $18) 1-0

[Event "Bad Woerishofen op"]
[Site "Bad Woerishofen"]
[Date "2001.??.??"]
[Round "8"]
[White "Pelletier, Yannick"]
[Black "Krizsany, Laszlo"]
[Result "1/2-1/2"]
[WhiteElo "2548"]
[BlackElo "2455"]
[Annotator "ChessOrg"]
[PlyCount "90"]
[EventDate "1998.03.05"]
[Source "ChessBase"]
[SourceDate "1998.04.29"]

1. d4 {D20: Angenommenes Damengambit} 1... d5 2. c4 dxc4 3. e4 c5 4. d5 e6 5.
Nc3 Nf6 6. Bxc4 exd5 7. Nxd5 Nxd5 8. Bxd5 Be7 9. Ne2 O-O 10. O-O Nd7 11. Nc3
Nb6 12. Bf4 Nxd5 13. Nxd5 Bd6 14. e5 Bc7 15. e6 Bxf4 16. e7 Bxh2+ 17. Kh1 Qd6
18. exf8=Q+ Kxf8 19. Qh5 {letzter Buchzug} 19... Be6 (19... Be5 20. Nc3 Qh6 21.
Qxh6 21... gxh6 $11) 20. Rad1 $14 20... Be5 21. Nc3 Bd4 22. Nb5 Qe5 23. Qxh7
Rd8 24. Nxd4 (24. Rfe1 Qf4 25. b4 a6 26. Nxd4 26... cxd4 $11) 24... cxd4 $11
25. Rfe1 Qf6 26. Rd3 g6 (26... Qxf2 27. Rxe6 Qf1+ 28. Kh2 fxe6 29. Rf3+ Qxf3
30. gxf3 $18) 27. Rf3 Bf5 28. Kg1 d3 29. Qh6+ Qg7 30. Qxg7+ (30. Qh4 Rd4 31.
Rfe3 31... Be6 $14 (31... Rxh4 $4 32. Re8#)) 30... Kxg7 $11 31. Rd1 Rc8 32. Rd2
(32. Rfxd3 $143 32... Bxd3 33. Rxd3 33... Rc2 $11) 32... Rc1+ 33. Kh2 Rc4 34.
Re3 Kf6 35. f3 g5 36. g4 Bg6 37. Re8 Rc2 38. Rxc2 dxc2 39. Rc8 (39. Re1 39...
a5 $11) 39... Ke5 40. Kg3 Kd4 41. Kf2 Bd3 42. Rd8+ Ke5 43. Re8+ Kd4 44. Rd8+
Ke5 45. Re8+ Kd4 1/2-1/2

[Event "Bad Woerishofen op"]
[Site "Bad Woerishofen"]
[Date "2001.??.??"]
[Round "2"]
[White "Peschel, Andreas"]
[Black "Krizsany, Laszlo"]
[Result "1/2-1/2"]
[WhiteElo "2177"]
[BlackElo "2455"]
[Annotator "ChessOrg"]
[PlyCount "110"]
[EventDate "1998.03.05"]
[Source "ChessBase"]
[SourceDate "1998.04.29"]

1. d4 {A80: Hollaendische Verteidigung} 1... f5 2. h3 2... d5 {letzter Buchzug}
3. g4 (3. Nf3 3... Nf6 $11) 3... Nf6 (3... fxg4 4. Bg2 $15) 4. Qd3 (4. g5 4...
Ne4 $11) 4... c5 5. gxf5 $11 5... c4 6. Qf3 Nc6 7. c3 Qd7 8. Na3 Qxf5 9. Qxf5
Bxf5 10. Bg2 O-O-O 11. Bf4 h6 12. Nf3 g5 13. Bh2 Bg7 14. Ne5 Rhf8 15. Nxc6 bxc6
16. Be5 Nh5 17. Bxg7 Nxg7 18. b3 cxb3 19. axb3 Ne6 20. e3 Bd3 21. Ra2 Kd7 22.
Nc2 Bxc2 23. Rxc2 Rb8 24. b4 a5 (24... Nc7 $5 $11) 25. bxa5 $16 25... Rb5 26.
Ra2 Ra8 27. a6 Nc7 28. O-O Rxa6 (28... Nxa6 $2 29. Rfa1 $18) 29. Rxa6 Nxa6 30.
c4 dxc4 31. Rc1 Rb4 32. Bf1 Kd6 33. Bxc4 Nc7 34. Kg2 e5 35. dxe5+ Kxe5 36. Kg3
Nd5 37. Be2 Ne7 38. f4+ Kf6 39. Bf3 (39. Kf3 gxf4 40. exf4 Rb3+ 41. Kg4 h5+ 42.
Kxh5 42... Kf5 $14) 39... Nf5+ $15 40. Kf2 Rb2+ 41. Ke1 Nxe3 42. fxg5+ hxg5 43.
Rxc6+ Kf5 44. Be2 Ng2+ 45. Kd1 Kf4 46. Bg4 Kg3 47. Kc1 Ra2 48. Rg6 Ra5 49. Rf6
(49. Rc6 Nf4 50. Rc3+ 50... Kh4 $17) 49... Ra1+ (49... Nf4 $5 $15) 50. Kb2 $11
50... Re1 51. Re6 (51. Rg6 51... Re5 $11) 51... Rf1 (51... Rxe6 $5 $142 52.
Bxe6 52... Nf4 $17) 52. Rg6 $11 52... Kh4 53. Rh6+ Kg3 54. Rg6 Kh4 55. Rh6+ Kg3
1/2-1/2

[Event "Bad Woerishofen op"]
[Site "Bad Woerishofen"]
[Date "2001.??.??"]
[Round "3"]
[White "Peschel, Andreas"]
[Black "Simutowe, Amon"]
[Result "0-1"]
[WhiteElo "2177"]
[BlackElo "2462"]
[Annotator "ChessOrg"]
[PlyCount "138"]
[EventDate "1998.03.05"]
[Source "ChessBase"]
[SourceDate "1998.04.29"]

1. d4 {A49: Koenigsindisch (ohne c2-c4)} 1... Nf6 2. Nf3 g6 3. g3 Bg7 4. Bg2
O-O 5. b3 5... c5 {letzter Buchzug} 6. Bb2 cxd4 7. O-O (7. Qxd4 $2 7... Nh5 8.
Ne5 8... d6 $19) 7... Nc6 8. Nxd4 Qb6 9. c4 d6 10. Nc2 Be6 11. Nc3 (11. e4 $5
$11) 11... Bxc4 $17 12. Na4 Qa6 13. Bxc6 (13. bxc4 Qxa4 14. Ne3 14... Qa5 $17)
13... bxc6 $17 (13... Qxc6 $143 14. Nd4 Qa6 15. bxc4 $16) 14. Nb4 Qb5 15. Nxc6
Qxc6 16. Rc1 Bxb3 17. Rxc6 Bxd1 18. Rxd1 Rfb8 19. Rdc1 h5 20. R1c4 Nd5 21. Bxg7
Kxg7 22. e4 Nf6 23. Rc7 Kf8 24. Nc3 Rb2 25. Rc8+ Rxc8 26. Rxc8+ Kg7 27. f3 Nd7
28. f4 Rc2 29. Rc7 Nf6 30. e5 dxe5 31. fxe5 Ng4 32. e6 fxe6 33. Rxe7+ Kf6 34.
Rc7 Ke5 35. Nb5 Rxa2 36. Rxa7 Rb2 37. Ra5 Nxh2 38. Nc3+ Kd4 39. Nd1 Nf3+ 40.
Kf1 Rd2 41. Nf2 Nh2+ 42. Ke1 42... Nf3+ $4 (42... Rc2 43. Ra4+ Rc4 44. Ra6 $19)
43. Kf1 Rc2 44. Ra8 g5 45. Rd8+ Ke5 46. Rh8 Nd2+ 47. Kg1 (47. Ke1 h4 48. Ng4+
Kd4 49. Rd8+ Kc3 50. gxh4 gxh4 51. Rc8+ Kb2 52. Rb8+ 52... Kc1 $19) 47... h4
48. Ng4+ (48. gxh4 gxh4 49. Rh5+ 49... Kf6 $19) 48... Ke4 49. gxh4 Nf3+ 50. Kf1
Nxh4 51. Re8 Kf4 52. Nf2 Rc6 53. Ke2 Ra6 (53... Nf5 $5 54. Nd3+ Kg3 55. Kd2 $19
) 54. Nd3+ Kf5 55. Rf8+ Kg4 56. Ne5+ (56. Nf2+ 56... Kh5 $19) 56... Kg3 57. Rg8
Ra2+ 58. Kd1 Kf4 59. Nd3+ Kf5 60. Nc5 e5 61. Rf8+ Kg4 62. Re8 Nf3 63. Rf8 Rd2+
64. Kc1 Rd4 65. Ne6 Rd5 66. Rf7 e4 67. Nf8 e3 68. Re7 Ne5 69. Rh7 (69. Nd7 Nxd7
70. Rxe3 $19) 69... e2 (69... e2 70. Rh1 70... Nf3 $19) (69... Rd2 70. Re7 Nd3+
71. Kb1 $19) 0-1

[Event "Bad Woerishofen op"]
[Site "Bad Woerishofen"]
[Date "2001.??.??"]
[Round "5"]
[White "Peschel, Andreas"]
[Black "Kunz, Konstantin"]
[Result "1/2-1/2"]
[WhiteElo "2177"]
[BlackElo "2196"]
[Annotator "ChessOrg"]
[PlyCount "109"]
[EventDate "1998.03.05"]
[Source "ChessBase"]
[SourceDate "1998.04.29"]

1. d4 {E14: Damenindisch (Zentralsystem)} 1... Nf6 2. Nf3 e6 3. e3 b6 4. Bd3
Bb7 5. O-O c5 6. c4 d6 7. Nc3 Be7 8. d5 exd5 9. cxd5 a6 10. a4 {letzter Buchzug
} 10... Nxd5 (10... Bxd5 $143 11. Nxd5 Nxd5 12. Be4 $16) 11. Nxd5 Bxd5 12. Bxh7
Bb7 (12... Rxh7 $143 13. Qxd5 Nd7 14. Ng5 Bxg5 15. Qe4+ Ne5 16. Qxh7 $18) 13.
Bc2 d5 14. Ne5 (14. Bd2 14... Bf6 $15) 14... Nd7 15. f4 (15. Nxd7 Qxd7 (15...
Kxd7 $6 16. Qg4+ Kc7 17. a5 $11) 16. a5 16... b5 $17) 15... Nxe5 16. fxe5 Qc7
17. e4 (17. Qf3 f6 18. Bg6+ 18... Kd8 $17) 17... dxe4 18. Bf4 Qc6 (18... c4 19.
Qe2 Qc6 20. a5 $17) 19. Qe2 (19. Qg4 19... g6 $17) 19... c4 20. Rae1 Bc5+ 21.
Be3 Rc8 22. Qf2 Qe6 (22... Qg6 23. Bxc5 Rxc5 24. Qf4 $15) 23. Bxc5 $15 23...
Rxc5 (23... bxc5 $6 24. Bxe4 Bxe4 25. Rxe4 $14) 24. Bxe4 Bxe4 25. Rxe4 O-O 26.
Qg3 Rd8 27. Rfe1 (27. Qg5 27... Rdd5 $15) 27... b5 28. Rg4 Qh6 (28... g6 $5 $15
) 29. Rh4 (29. e6 fxe6 30. Rg6 30... Qh7 $14) 29... Qe6 30. Rg4 (30. Rh8+ $1
$142 30... Kxh8 31. Qh4+ Kg8 32. Qxd8+ Kh7 33. Qh4+ Kg8 34. axb5 axb5 35. Qd8+
Kh7 36. Qh4+ Kg8 37. Qd8+ Kh7 38. Qh4+ 38... Kg8 $11) 30... g6 $17 31. h4 Rd3
32. Qf4 Qb6 (32... bxa4 33. h5 33... a3 $15) 33. Kh2 Rc6 (33... bxa4 $4 34. e6
Rc7 35. e7 Rxe7 36. Rxe7 $18) 34. axb5 axb5 (34... Qxb5 $4 35. e6 Rxe6 36. Rxe6
$18) 35. Rf1 Rd7 36. h5 36... Qc5 $2 (36... Re7 $5 $11) 37. Qe4 (37. Qf5 Qe7
38. hxg6 fxg6 39. Rxg6+ Rxg6 40. Qxg6+ Kh8 41. Qh6+ 41... Kg8 $18) 37... Kg7
38. Rf3 (38. hxg6 fxg6 39. Rf6 Rxf6 40. exf6+ Kf8 41. Qxg6 Qc7+ 42. Kg1 Qa7+
43. Kf1 Qa1+ 44. Kf2 Qxb2+ 45. Kg1 Qa1+ 46. Kh2 Qe5+ 47. Rg3 Qxg3+ 48. Qxg3
Rh7+ 49. Kg1 $18) 38... Re6 $11 39. hxg6 fxg6 (39... Rxg6 $4 40. Qf5 Rxg4 41.
Qxg4+ Kf8 42. Qxd7 Qxe5+ 43. Kg1 $18) 40. Rfg3 Qb6 (40... Rxe5 $4 41. Qxg6+ Kf8
42. Qf6+ Ke8 43. Rg8+ Qf8 44. Rxf8#) (40... Qxe5 $4 41. Rxg6+ Kf7 42. Rg7+ Qxg7
43. Rxg7+ Kxg7 44. Qxe6 $18) 41. Rf3 (41. Rh4 41... Rd1 $11) 41... Qc5 42. Rfg3
Qb6 43. Rf3 (43. Rh4 $142 43... Rd1 44. Re3 $14) 43... Rf7 (43... Rd1 $142 44.
Re3 44... Qd8 $11) 44. Rgf4 $16 44... Rf5 45. Rxf5 gxf5 46. Qxf5 Rh6+ 47. Rh3
Qe6 (47... Rxh3+ 48. gxh3 Qd4 49. Kg3 Qxb2 50. Qd7+ Kg6 51. Qg4+ Kf7 52. Qd7+
Kg8 53. Qd8+ Kh7 54. Qh4+ Kg7 55. Qf6+ Kg8 56. Qd8+ Kf7 57. Qd7+ Kf8 58. Qd8+
Kf7 59. Qd7+ $11) 48. Qe4 (48. Qg5+ Qg6 49. Qe7+ Kg8 50. Qd8+ Kf7 51. Qd7+ Kg8
52. Qc8+ Kg7 53. Qc7+ Kh8 54. Qb8+ Kh7 55. Qb7+ Kg8 56. Qd5+ Kg7 57. Qd2 $16 (
57. Qxb5 Rxh3+ 58. gxh3 58... Qf5 $18)) 48... Rxh3+ $16 49. gxh3 b4 50. Qb7+ (
50. Qd4 $5 $16) 50... Kg6 $11 51. Qxb4 Qxe5+ 52. Kg2 Qe2+ 53. Kg1 Qe3+ 54. Kg2
Qe2+ 55. Kg1 1/2-1/2

[Event "Bad Woerishofen op"]
[Site "Bad Woerishofen"]
[Date "2001.??.??"]
[Round "7"]
[White "Peschel, Andreas"]
[Black "Schneider, Heiko"]
[Result "1-0"]
[WhiteElo "2177"]
[BlackElo "2275"]
[Annotator "ChessOrg"]
[PlyCount "86"]
[EventDate "1998.03.05"]
[Source "ChessBase"]
[SourceDate "1998.04.29"]

1. d4 {D87: Gruenfeld-Verteidigung (Hauptfortsetzung, Botwinnik-Variante)} 1...
Nf6 2. c4 g6 3. Nc3 d5 4. cxd5 Nxd5 5. e4 Nxc3 6. bxc3 c5 7. Bc4 Bg7 8. Ne2 O-O
9. Be3 Nc6 10. Rc1 10... Qc7 {letzter Buchzug} 11. h4 Rd8 12. h5 Na5 13. Bd3
Qd7 14. hxg6 hxg6 15. Qd2 Qe8 16. e5 (16. Bh6 $5 16... Bh8 17. Qg5 $16) 16...
Be6 17. Bh6 Qf8 (17... Bh8 18. Qb2 $11) 18. Qg5 (18. dxc5 $2 18... Bxh6 19.
Qxh6 Qxh6 20. Rxh6 20... Rxd3 $19) 18... Bc4 (18... Nc6 $5 $14 $142) 19. Bxc4
Nxc4 20. Bxg7 Qxg7 21. Qxe7 b6 22. Qh4 Rac8 23. Ng3 (23. Rb1 $5 $18 $142) 23...
cxd4 $14 24. cxd4 Nxe5 25. Rxc8 (25. dxe5 Qxe5+) 25... Rxc8 $11 26. O-O (26.
dxe5 $2 26... Qxe5+ 27. Ne4 Rc1+ 28. Kd2 Rxh1 29. Nf6+ Kg7 30. Qxh1 30... Qxf6
$19) 26... Nd7 27. Rd1 f5 28. Qg5 Qf6 29. Qd2 Qd6 30. Qg5 Qf6 31. Qd2 Rc4 (
31... Qd6 32. Qh6 Qf6 33. d5 $11) 32. Ne2 b5 33. Nf4 Qd6 34. Qe3 Kf7 35. Re1 (
35. Nh3 35... a6 $11) 35... Nf6 $15 (35... Rxd4 $4 36. Qe8+ Kg7 37. Ne6+ Qxe6
38. Qxe6 $18) 36. g3 Rxd4 37. Ne6 (37. Qb3+ 37... Rc4 $11) 37... Ra4 (37... Rd1
38. Qxa7+ Nd7 39. Nd8+ Kg8 40. Rxd1 Qxd1+ 41. Kh2 $11) 38. Qh6 (38. Ng5+ 38...
Kg8 $11) 38... Ne4 $17 39. Nf4 Qf6 (39... Kg8 $5 $15) 40. Rd1 $11 40... Ke8 $4
(40... Rd4 $142 41. Rxd4 Qxd4 42. Qxg6+ Ke7 43. Qe6+ Kd8 44. Qd5+ Qxd5 45. Nxd5
45... Kd7 $11) 41. Nd5 $18 41... Qe5 (41... Qf7 42. Nc7+ 42... Ke7 $18) 42.
Nc7+ $3 42... Kf7 (42... Qxc7 43. Qh8+ Kf7 44. Qh7+ Kf6 45. Qxc7 $18) 43. Rd7+
Kf6 (43... Qe7 44. Qh7+ Kf8 45. Qxe7+ Kg8 46. Qg7#) 1-0

[Event "Bad Woerishofen op"]
[Site "Bad Woerishofen"]
[Date "2001.??.??"]
[Round "9"]
[White "Peschel, Andreas"]
[Black "Pelletier, Yannick"]
[Result "0-1"]
[WhiteElo "2177"]
[BlackElo "2548"]
[Annotator "ChessOrg"]
[PlyCount "97"]
[EventDate "1998.03.05"]
[Source "ChessBase"]
[SourceDate "1998.04.29"]

1. d4 {A46: Damenbauernspiele} 1... Nf6 2. Nf3 c5 3. b3 {letzter Buchzug} 3...
cxd4 4. Nxd4 b6 5. Bb2 Bb7 6. e3 a6 7. Nf3 e6 8. Be2 Be7 9. O-O O-O 10. c4 Ne4
11. Nbd2 f5 12. Qc2 Qe8 13. Ne5 d6 14. Nd3 Nd7 15. Rad1 Rc8 16. Qb1 Qg6 (16...
Bf6 17. Nxe4 fxe4 18. Nb4 $11) 17. Nf4 $14 17... Qh6 18. Bf3 (18. Nxe4 $5 $142
18... Bxe4 19. Qa1 $11) 18... Nxd2 $17 19. Rxd2 Bxf3 20. gxf3 Ne5 21. Qd1 g5
22. Nd3 Nf7 23. Kh1 Bf6 24. Bxf6 Qxf6 25. Rg1 Kh8 26. Qa1 Kg7 (26... Qxa1 27.
Rxa1 Kg7 28. a4 $11) 27. f4 Qxa1 28. Rxa1 h6 29. Kg2 Kf6 30. Rad1 Rg8 31. Kf3
b5 32. cxb5 axb5 33. Ke2 d5 (33... Rc3 34. f3 $15) 34. a4 $11 34... Nd6 35. f3
(35. Rb2 $5 $11) 35... Rc3 $17 36. Rb1 (36. Ra2 $5 $17) 36... bxa4 37. bxa4 Nc4
38. Ra2 gxf4 39. Nxf4 Ke5 (39... Nxe3 $6 40. Rb6 Ke5 41. Nd3+ Kd4 42. Nf4 $11)
40. Nd3+ Kd6 41. a5 Rg2+ 42. Nf2 Rxe3+ (42... Nxe3 $2 43. a6 Nc2 44. a7 Nd4+
45. Kf1 $18) 43. Kf1 Rg7 44. a6 Ra7 45. Kg2 Rg7+ (45... Kc7 46. f4 $17) 46. Kf1
Rxf3 47. a7 Ne3+ 48. Ke2 Rxf2+ 49. Kxe3 $4 (49. Kxf2 $142 49... Rg2+ 50. Kxe3
Rxa2 51. Rb6+ Ke5 52. Rb7 $19) 0-1

[Event "Bad Woerishofen op"]
[Site "Bad Woerishofen"]
[Date "2001.??.??"]
[Round "2"]
[White "Pflug, Matthias"]
[Black "Dittmar, Peter"]
[Result "0-1"]
[WhiteElo "2177"]
[BlackElo "2339"]
[Annotator "ChessOrg"]
[PlyCount "62"]
[EventDate "1998.03.05"]
[Source "ChessBase"]
[SourceDate "1998.04.29"]

1. e4 {C16: Franzoesische Verteidigung (Nimzowitsch-Variante)} 1... e6 2. d4 d5
3. Nc3 Bb4 4. e5 b6 5. a3 Bxc3+ 6. bxc3 Ne7 7. a4 Ba6 8. Bxa6 Nxa6 9. Qd3 Nb8
10. Nf3 {letzter Buchzug} 10... Nbc6 11. Ba3 Na5 12. Nd2 Qd7 13. O-O O-O 14. f4
Rac8 15. g4 f5 16. exf6 Rxf6 17. Nf3 (17. Bxe7 Qxe7 18. Rae1 18... Qd6 $15)
17... Ng6 $17 18. Ne5 Nxe5 19. dxe5 Rg6 20. g5 Qf7 (20... Qxa4 21. h4 c5 22.
Bb4 $16) 21. h4 Qf5 22. Qf3 h5 23. Qxh5 $2 (23. Rfd1 $15 $142) 23... Rh6 $1 $19
(23... Qxc2 24. f5 Qxc3 25. Ra2 (25. fxg6 $6 25... Qg3+ 26. Kh1 Qh3+ 27. Kg1
Qg3+ 28. Kh1 Qh3+ 29. Kg1 29... Qg3+ $11) (25. Qxg6 $6 25... Qg3+ 26. Kh1 Qh3+
27. Kg1 Qg3+ 28. Kh1 Qh3+ 29. Kg1 29... Qg3+ $11) 25... Qg3+ 26. Rg2 Qe3+ 27.
Kh2 Qxe5+ 28. Kh3 Rxg5 29. Rxg5 $18 (29. hxg5 $143 29... Rf8 30. Bxf8 30...
exf5 $18) (29. Qxg5 $6 29... Nc4 30. Qe7 30... exf5 $18)) 24. Qf3 Rxh4 25. Bc1
$4 (25. Rf2 25... Nc4 $19) 25... Kf7 (25... Rg4+ $142 26. Kf2 Qxc2+ 27. Ke1 $19
) 26. Rf2 (26. Rd1 $19) 26... Rch8 27. Ra2 Rh3 28. Qg2 R8h4 (28... Rxc3 29. Bd2
Rxc2 30. Rxc2 Qxc2 31. Bxa5 Qd1+ 32. Rf1 Qd4+ 33. Qf2 $17) 29. Rf3 (29. g6+ Kg8
30. Rf3 Rg4 31. Rxh3 Rxg2+ 32. Kxg2 Qg4+ 33. Kh2 Qe2+ 34. Kg3 Qe1+ 35. Kg4
35... Qxc1 $19) 29... Rg4 30. Rxh3 Rxg2+ 31. Kxg2 Qg4+ (31... Qg4+ 32. Kh2 Qe2+
33. Kg3 Qe1+ 34. Kg2 34... Qxc1 $19) 0-1

[Event "Bad Woerishofen op"]
[Site "Bad Woerishofen"]
[Date "2001.??.??"]
[Round "4"]
[White "Pflug, Matthias"]
[Black "Baramidze, David"]
[Result "1-0"]
[WhiteElo "2177"]
[BlackElo "2265"]
[Annotator "ChessOrg"]
[PlyCount "61"]
[EventDate "1998.03.05"]
[Source "ChessBase"]
[SourceDate "1998.04.29"]

1. e4 {B82: Sizilianisch (Scheveninger System)} 1... c5 2. Nf3 d6 3. d4 cxd4 4.
Nxd4 Nf6 5. Nc3 a6 6. f4 e6 7. Qf3 7... Be7 {letzter Buchzug} 8. g4 Qc7 9. g5
Nfd7 10. a4 b6 11. Bh3 Nc6 12. Be3 Bb7 (12... O-O $5 $11 $142) 13. Bxe6 $16
13... fxe6 14. Nxe6 Qc8 15. Nxg7+ Kf8 16. Ne6+ Kg8 17. Nd5 Rb8 18. Rg1 18...
Qe8 $4 (18... Nde5 $142 19. Qh3 Nf3+ 20. Qxf3 Qxe6 21. Bxb6 21... Ba8 $18) 19.
Nf6+ $1 (19. Nxb6 $6 19... Nb4 20. Rc1 20... Nf8 $16) (19. Bxb6 Nce5 20. fxe5
Bxd5 21. exd5 21... Rxb6 $14) 19... Bxf6 20. gxf6+ Kf7 (20... Qg6 21. f5 Qxg1+
22. Bxg1 22... Rf8 $18) 21. Rg7+ (21. Qh5+ Kxe6 22. Qg4+ Kf7 23. Qg7+ Ke6 24.
f5+ Ke5 25. Qg3+ Kxe4 26. Qf4+ Kd5 27. c4#) 21... Kxf6 $18 22. Qg4 Qg6 23.
Rxg6+ (23. Qh4+ Kxe6 24. f5+ Qxf5 25. exf5+ Kxf5 26. Qh5+ Ke6 27. Qf7+ Ke5 28.
Rg5+ Ke4 29. Qf4#) 23... hxg6 24. Nd4 Ke7 25. Qe6+ Kd8 26. Nxc6+ Bxc6 27. Qxd6
Rxh2 28. O-O-O Rc8 29. Bxb6+ Ke8 30. Qe6+ Kf8 31. Bc5+ $1 (31. Bc5+ Kg7 32.
Rxd7+ Kh6 33. f5 Rh1+ 34. Kd2 Rh2+ 35. Kc3 Rh3+ 36. Rd3 Rxd3+ 37. cxd3 $18) 1-0